5HLuxD.jpg

KING HENRY VIII SENIOR AND PRIMARY SCHOOL LIBRARY OPAC

Regeneration / (Record no. 1110)

000 -LEADER
fixed length control field 01085pam a2200361 a 4500
001 - CONTROL NUMBER
control field 014606700
003 - CONTROL NUMBER IDENTIFIER
control field Uk
005 - DATE AND TIME OF LATEST TRANSACTION
control field 20211008092321.0
008 - FIXED-LENGTH DATA ELEMENTS--GENERAL INFORMATION
fixed length control field 080328r20081991enk 000 1 eng d
015 ## - NATIONAL BIBLIOGRAPHY NUMBER
National bibliography number GBA863235
Source bnb
016 7# - NATIONAL BIBLIOGRAPHIC AGENCY CONTROL NUMBER
Record control number 014606700
Source Uk
020 ## - INTERNATIONAL STANDARD BOOK NUMBER
International Standard Book Number 9780141030937 (pbk.) :
020 ## - INTERNATIONAL STANDARD BOOK NUMBER
International Standard Book Number 0141030933 (pbk.) :
040 ## - CATALOGING SOURCE
Original cataloging agency StDuBDS
Language of cataloging eng
Transcribing agency StDuBDS
Modifying agency Uk
042 ## - AUTHENTICATION CODE
Authentication code ukblcatcopy
082 04 - DEWEY DECIMAL CLASSIFICATION NUMBER
Classification number FIC BAR
Edition number 22
100 1# - MAIN ENTRY--PERSONAL NAME
Personal name Barker, Pat,
Dates associated with a name 1943-
245 10 - TITLE STATEMENT
Title Regeneration /
Statement of responsibility, etc. Pat Barker.
260 ## - PUBLICATION, DISTRIBUTION, ETC.
Place of publication, distribution, etc. London :
Name of publisher, distributor, etc. Penguin,
Date of publication, distribution, etc. 2008.
300 ## - PHYSICAL DESCRIPTION
Extent 251 p. ;
Dimensions 20 cm.
336 ## - CONTENT TYPE
Content type term text
Source rdacontent
337 ## - MEDIA TYPE
Media type term unmediated
Source rdamedia
338 ## - CARRIER TYPE
Carrier type term volume
Source rdacarrier
440 ## - SERIES STATEMENT/ADDED ENTRY--TITLE
Title The regeneration triology ;
Number of part/section of a work bk. 1
500 ## - GENERAL NOTE
General note Originally published: 1991.
500 ## - GENERAL NOTE
General note Formerly CIP.
Institution to which field applies Uk
600 10 - SUBJECT ADDED ENTRY--PERSONAL NAME
Personal name Sassoon, Siegfried,
Dates associated with a name 1886-1967
Form subdivision Fiction.
600 10 - SUBJECT ADDED ENTRY--PERSONAL NAME
Personal name Rivers, W. H. R.
Fuller form of name (William Halse Rivers),
Dates associated with a name 1864-1922
Form subdivision Fiction.
650 #0 - SUBJECT ADDED ENTRY--TOPICAL TERM
Topical term or geographic name entry element World War, 1914-1918
Form subdivision Fiction.
650 #0 - SUBJECT ADDED ENTRY--TOPICAL TERM
Topical term or geographic name entry element War neuroses
Form subdivision Fiction.
655 #7 - INDEX TERM--GENRE/FORM
Genre/form data or focus term Historical fiction.
Source of term gsafd
942 ## - ADDED ENTRY ELEMENTS (KOHA)
Source of classification or shelving scheme
Koha item type Books - Fiction
Holdings
Withdrawn status Lost status Source of classification or shelving scheme Damaged status Not for loan Collection code Permanent Location Current Location Shelving location Date acquired Total Checkouts Full call number Barcode Date last seen Date last checked out Price effective from Koha item type
          Fiction KH8 Senior School Library KH8 Senior School Library Fiction 2021-10-08 1 FIC BAR 3KHSL000101837 2022-06-22 2022-03-31 2021-10-08 Books - Fiction

Powered By KH8 IT Dept